000 00869nam a2200265 c 4500
999 _c447302
_d447302
003 BLK
005 20230727123041.0
008 180411b bul|||||r ||||||| ||bul||
040 _aBLK
041 _aBUL
_cBUL
080 _aТоплоелектрически парни централи (ТЕЦ). Вж и 621.18
_b621.311.22
_x(497.215)(062)
_z621.311.22(497.215)(062)
139 _bЧ 74
245 1 0 _aЧестит празник, енергетици!
_b"Топлофикация - Русе" АД
_h[Малотир. изд.]
257 _aBGR
260 _aРусе
_bб. и.
_c2009
_9424764
300 _a14 с.
_c21 см
380 _a62
653 7 _9198335
_aТЕЦ
653 7 _9186303
_aенергетика
852 _bК
_cК 62/Ч 74
856 4 _qpdf
856 4 _qpdf
942 _cKNG
_n0
_s1
_01
944 _aCR
_c2022-03-07
_k30556
_lТеодора Пейчева-Дянкова